Capital structure and firm performance (Record no. 123715)

MARC details
000 -LEADER
fixed length control field 00868nam a2200253Ia 4500
008 - FIXED-LENGTH DATA ELEMENTS--GENERAL INFORMATION
fixed length control field 191130s2008##################000#0#eng##
020 ## - INTERNATIONAL STANDARD BOOK NUMBER
ISBN 9781412807104
082 ## - DEWEY DECIMAL CLASSIFICATION NUMBER
Classification number 33041 ARV
100 ## - MAIN ENTRY--AUTHOR NAME
Personal name Ghosh, Arvin
245 ## - TITLE STATEMENT
Title Capital structure and firm performance
Statement of responsibility, etc Arvin Ghosh ; with the collaboration of Francis Cai, Richard H. Fosberg
260 ## - PUBLICATION, DISTRIBUTION, ETC. (IMPRINT)
Place of publication New Brunswick, NJ
Name of publisher Transaction Publishers
Year of publication c2008
300 ## - PHYSICAL DESCRIPTION
Number of Pages ix, 131 p. : ill. ; 24 cm
500 ## - GENERAL NOTE
General note Includes bibliographical references (p. 127-129) and index
650 ## - SUBJECT ADDED ENTRY--TOPICAL TERM
Topical Term Capital - Mathematical models
Topical Term Corporations - Finance - Mathematical models
Topical Term Organizational effectiveness
700 ## - ADDED ENTRY--PERSONAL NAME
Personal name Cai, Francis
Personal name Fosberg, Richard H
991 ## -
-- 148173
Holdings
Withdrawn status Lost status Damaged status Not for loan Home library Current library Shelving location Date acquired Full call number Accession Number Price effective from Koha item type
        Anna Centenary Library Anna Centenary Library 4TH FLOOR, A WING 12.10.2020 33041 ARV 298835 12.10.2020 English Books

Find us on the map